000 00353nam a2200157Ia 4500
008 221030s9999 xx 000 0 und d
020 _a8131800679
041 _aEnglish
082 _a105.23
100 _aR. Bangia
245 0 _aInformation Technology Bible
260 _bLaxmi Pub.
_aNew Delhi
_c2007
300 _a567
650 _aIT
942 _cBK
999 _c6523
_d6523